000 00364nam a2200145Ia 4500
008 230711s9999||||xx |||||||||||||| ||und||
041 _aENG
082 _a5
_bRA-C
100 _aRajesh Kumar
245 0 _aCisco security bible
250 _a1st Ed.
260 _c2002
_aNew Delhi
_bTata McGraw Hill Education Limited
650 _aComputer Engineering
942 _cBK
999 _c4173
_d4173